[Event "Guillermo Garcia Memorial op 28th"]
[Site "Santa Clara"]
[Date "2019.04.26"]
[Round "4"]
[White "Garcia Garcia, Alejandro"]
[Black "Mendoza Salazar, Ramon Lev"]
[Result "1/2-1/2"]
[WhiteElo "2262"]
[BlackElo "2016"]
[PlyCount "183"]
[EventDate "2019.04.23"]
[EventType "swiss"]
[EventRounds "9"]
[EventCountry "CUB"]
[SourceTitle "EXT 2020"]
[Source "ChessBase"]
[SourceDate "2019.10.17"]
[SourceVersion "1"]
[SourceVersionDate "2019.10.17"]
[SourceQuality "1"]

1. Nf3 d5 2. g3 Bf5 3. Bg2 Nf6 4. 0-0 e6 5. d3 h6 6. Nbd2 Bc5 7. Qe1 0-0 8. e4 Bg6 9. a4 a6 10. Qe2 Nc6 11. c3 Qd7 12. b4 Bb6 13. e5 Ne8 14. d4 Ne7 15. Nh4 Bh7 16. f4 a5 17. b5 Kh8 18. Ba3 Rg8 19. g4 Ng6 20. Nxg6+ Bxg6 21. Qf3 Bc2 22. f5 Bxa4 23. g5 Bxb5 24. gxh6 Bxf1 25. Rxf1 gxh6 26. Qh5 Kh7 27. fxe6 Qxe6 28. Rxf7+ Rg7 29. Rf3 c6 30. Bf8 Qg4 31. Qxg4 Rxg4 32. Kf2 Ng7 33. Bh3 Rg6 34. Ba3 Kg8 35. Rf6 Rxf6+ 36. exf6 Nh5 37. Be6+ Kh8 38. f7 Nf4 39. Bf5 Kg7 40. Bd6 Nh5 41. f8Q+ Rxf8 42. Bxf8+ Kxf8 43. Bc8 Ke7 44. Bxb7 Kd6 45. Ke3 Bd8 46. Nf3 Bg5+ 47. Kd3 Kc7 48. Ba6 Bf4 49. Kc2 Nf6 50. Bd3 Kd6 51. Kb2 Ne4 52. Bc2 Ke6 53. Ba4 c5 54. dxc5 Nxc5 55. Bc6 Be5 56. Kc2 Kd6 57. Bb5 Ne4 58. c4 d4 59. Be8 Nc5 60. Kb2 d3+ 61. Kc1 Bc3 62. Bg6 Bb4 63. Kb2 a4 64. h4 a3+ 65. Ka2 d2 66. Nxd2 Bxd2 67. Kxa3 Ke5 68. Kb2 Kf4 69. Kc2 Ba5 70. h5 Ke3 71. Kd1 Kd4 72. Ke2 Nd7 73. Kf3 Ne5+ 74. Kg2 Nxc4 75. Kg3 Ke3 76. Bh7 Ne5 77. Bg6 Bd2 78. Kg2 Be1 79. Be8 Bh4 80. Bb5 Kf4 81. Be8 Bg3 82. Bb5 Ng4 83. Be2 Ne3+ 84. Kh3 Nd5 85. Bc4 Nc3 86. Kg2 Be1 87. Bf7 Kg4 88. Be8 Bg3 89. Bd7+ Kh4 90. Be8 Nd5 91. Kf3 Nf6 92. Bf7 1/2-1/2